=LDR 00000nam 2200000 4500 =001 INLIS000000000017435 =005 20130612112636 =008 ***********************************Ind** =035 ##$$a0010-061300000017435 =041 ##$$a Ind =082 ##$$a 624 =090 ##$$a 624, Sun t =100 ##$$a Sunggono KH =245 ##$$a Teknik sipil, Singgono KH =260 ##$$a 1995 $b Bandung =300 ##$$a v, 392 hlm, ilus, 21 cm =650 ##$$a Sipil,teknik =850 ##$$a NBPNMAT =990 ##$$a 92271/BPAP-NTB/2014 =990 ##$$a 92272/BPAP-NTB/2014 =990 ##$$a 92275/BPAP-NTB/2014 =990 ##$$a 92276/BPAP-NTB/2014 =990 ##$$a 92278/BPAP-NTB/2014 =990 ##$$a 0001/BPAP-NTB/20142014